000 01074nam0a22002531 4500
001 rc\907089
005 20041129094615.2
035 _a(NLR Aleph) 006082101
090 _a5097128
_c5097128
100 _a20041129d1983 u |0rusy50 ca
101 0 _arus
102 _aRU
105 _aa |||||||||
200 1 _aФизико-технические проблемы разработки месторождений твердых полезных ископаемых
_e[Сб. ст.]
_fАН СССР, Ин-т пробл. комплекс. освоения недр
_g[Редкол.: А.Т. Айруни (отв. ред.) и др.]
210 _aМ.
_cБ. и.
_d1983
215 _a194 с.
_cил.
_d20
320 _aБиблиогр. в конце ст.
702 1 _aАйруни
_bА. Т.
_gАрсен Тигранович
_4340
712 0 2 _aИнститут проблем комплексного освоения недр
_cМосква
_3RU\NLR\AUTH\889970163
801 0 _aRU
_bNLR
_gpsbo
801 1 _aRU
_bELAR
_2rusmarc
852 _aNLR
_j83-3/6455
942 _cBOOK
980 _aNB